| 000 | 00558nam a2200169 i 4500 | ||
|---|---|---|---|
| 001 | 84329 | ||
| 003 | ES-MaACL | ||
| 005 | 20250830063055.0 | ||
| 007 | t| | ||
| 008 | 041122s1908 sp ||||1| spa d | ||
| 100 | 1 |
_aGiménez Soler, Andrés, _d1869-1938 _966618 |
|
| 245 | 1 | 3 |
_aLa Corona de Aragón y Granada _b: historia de las relaciones entre ambos reinos / _cAndrés Jiménez Soler. |
| 260 |
_aBarcelona : _b[s.n., _c1908] ( _fCasa Provincial de Caridad) |
||
| 300 |
_a360 p. ; _c27 cm. |
||
| 852 |
_aES-MaACL _jF-1111 |
||
| 999 |
_c84329 _d84329 |
||